[Event "European Individual Championship"]
[Site "Legnica POL"]
[Date "2013.05.08"]
[EventDate "2013.05.05"]
[Round "4.50"]
[Result "1/2-1/2"]
[White "Arman Pashikian"]
[Black "Jan-Krzysztof Duda"]
[WhiteElo "2603"]
[BlackElo "2506"]
[PlyCount "117"]

1. d4 Nf6 2. c4 e6 3. Nf3 b6 4. g3 Ba6 5. b3 d5 6. Bg2 Bb4+
7. Bd2 Be7 8. cxd5 exd5 9. O-O O-O 10. Nc3 Bb7 11. Bc1 Nbd7
12. Bb2 Re8 13. Rc1 a6 14. e3 Bd6 15. Ne2 Ne4 16. Nf4 Qe7
17. Rc2 a5 18. Qc1 Ndf6 19. Rd1 a4 20. b4 c6 21. a3 Bxf4
22. exf4 b5 23. Re1 Qc7 24. Ne5 Nd6 25. g4 Nc4 26. f5 Nd7
27. Rce2 Rad8 28. Nd3 Rxe2 29. Rxe2 Nxb2 30. Qxb2 Qd6 31. Qc1
h6 32. h3 Kf8 33. Qe1 Bc8 34. Qc3 Re8 35. Ne5 f6 36. Ng6+ Kf7
37. Re3 Rxe3 38. fxe3 Nb6 39. Nf4 Nc4 40. Kf2 Bd7 41. Bf1 Nb6
42. Qc5 Nc8 43. Bd3 Ke8 44. Kf3 Qb8 45. Ng6 Qd6 46. Nf4 Qb8
47. e4 dxe4+ 48. Bxe4 Ne7 49. Bb1 Kd8 50. Ba2 h5 51. Be6 h4
52. Ke4 Be8 53. d5 cxd5+ 54. Bxd5 Qe5+ 55. Kf3 Nxd5 56. Ne6+
Kd7 57. Nf8+ Kd8 58. Ne6+ Kd7 59. Nf8+ 1/2-1/2

[Event "European Individual Championship"]
[Site "Legnica POL"]
[Date "2013.05.13"]
[EventDate "2013.05.05"]
[Round "8.81"]
[Result "1/2-1/2"]
[White "Irina Bulmaga"]
[Black "Jan-Krzysztof Duda"]
[WhiteElo "2393"]
[BlackElo "2506"]
[PlyCount "129"]

1. e4 c5 2. Nf3 d6 3. d4 cxd4 4. Nxd4 Nf6 5. Nc3 a6 6. Be3 e5
7. Nb3 Be6 8. f3 h5 9. Qd2 Nbd7 10. Nd5 Bxd5 11. exd5 g6
12. Be2 Bg7 13. O-O O-O 14. Na5 Qc7 15. c4 Rfe8 16. Rac1 b6
17. Nc6 a5 18. b3 Nb8 19. Nxb8 Qxb8 20. a3 Nd7 21. Rc2 f5
22. Rb1 Kh7 23. Qc1 Re7 24. Bg5 Bf6 25. Be3 Qh8 26. Qd2 Qg7
27. Kh1 h4 28. b4 axb4 29. axb4 e4 30. fxe4 Rxe4 31. Bf3 Ree8
32. c5 bxc5 33. bxc5 Ra3 34. Bf2 dxc5 35. Bxc5 Bc3 36. Qf2
Nxc5 37. Qxc5 Ra1 38. Rxa1 Bxa1 39. Rc1 Bd4 40. Qc6 Qe5
41. Qc7+ Qxc7 42. Rxc7+ Kh6 43. Rc1 Bc5 44. h3 Bd6 45. Kg1 Kg5
46. Kf1 Kf4 47. Re1 Rd8 48. Re6 g5 49. Rf6 Be5 50. Rf7 Ke3
51. Re7 Kd4 52. Rb7 Ra8 53. Rb1 Bd6 54. Re1 Kd3 55. Rd1+ Ke3
56. Kg1 Ra2 57. Rf1 Rd2 58. Rd1 Rb2 59. Rf1 Rb4 60. Bh5 g4
61. Rxf5 Rb1+ 62. Rf1 Bh2+ 63. Kxh2 Rxf1 64. Bxg4 Rf6 65. d6
1/2-1/2

[Event "Tata Steel Challengers"]
[Site "Wijk aan Zee NED"]
[Date "2014.01.11"]
[EventDate "2014.01.11"]
[Round "1"]
[Result "1/2-1/2"]
[White "Baadur Aleksandrovich Jobava"]
[Black "Jan-Krzysztof Duda"]
[WhiteElo "2710"]
[BlackElo "2553"]
[PlyCount "168"]

1. e4 c5 2. Nc3 d6 3. Nge2 Nf6 4. g3 g6 5. Bg2 Nc6 6. d3 Bg7
7. h3 O-O 8. O-O Bd7 9. g4 Rb8 10. f4 b5 11. Ng3 b4 12. Nce2
Qb6 13. Kh1 Ne8 14. f5 Nc7 15. h4 Nd4 16. g5 Be5 17. Nxd4 cxd4
18. Bf4 Qc5 19. Bh3 Bc6 20. Qd2 Bxf4 21. Rxf4 Qe5 22. Kh2 a5
23. h5 e6 24. Raf1 exf5 25. exf5 Qe3 26. Qxe3 dxe3 27. fxg6
fxg6 28. hxg6 hxg6 29. Rf6 Rxf6 30. Rxf6 Be8 31. Rxd6 Bf7
32. Ne2 Ne8 33. Rc6 Rb5 34. Kg3 Rxg5+ 35. Kf4 Rh5 36. Bd7 Kg7
37. Bxe8 Bxe8 38. Rc7+ Kf6 39. Kxe3 Rh3+ 40. Kf2 Rh2+ 41. Kf3
a4 42. b3 axb3 43. axb3 Bf7 44. Rc5 g5 45. Ng3 Bg6 46. Rc6+
Kf7 47. Nf1 Bh5+ 48. Ke3 Re2+ 49. Kd4 Bf3 50. Rc4 g4 51. Ng3
Rh2 52. Rxb4 Rxc2 53. Ke5 Rc5+ 54. Kd4 Rc2 55. Ke3 Rb2 56. Rb6
Ke7 57. Kd4 Kd7 58. Kc3 Rb1 59. Nf5 Bc6 60. Ra6 Kc7 61. Nd4
Bd7 62. Rg6 Rc1+ 63. Kd2 Rg1 64. Ne2 Rg2 65. Ke3 Rh2 66. Rg7
Kd6 67. Nc3 Rh3+ 68. Kd4 Bf5 69. Ne4+ Bxe4 70. Kxe4 g3 71. Kd4
Ke6 72. b4 Kf5 73. b5 Rh4+ 74. Kd5 Rb4 75. Rxg3 Rxb5+ 76. Kc4
Rb8 77. Re3 Rc8+ 78. Kb4 Rb8+ 79. Kc3 Rc8+ 80. Kd2 Rc6 81. Re8
Re6 82. Rd8 Ra6 83. Ke3 Ke5 84. Rh8 Ra4 1/2-1/2

[Event "Tata Steel Challengers"]
[Site "Wijk aan Zee NED"]
[Date "2014.01.12"]
[EventDate "2014.01.11"]
[Round "2"]
[Result "1-0"]
[White "Jan-Krzysztof Duda"]
[Black "Merijn van Delft"]
[WhiteElo "2553"]
[BlackElo "2430"]
[PlyCount "133"]

1. e4 c6 2. d4 d5 3. Nc3 dxe4 4. Nxe4 Nd7 5. Bd3 Ngf6 6. Ng5
e6 7. N1f3 Bd6 8. Qe2 h6 9. Ne4 Nxe4 10. Qxe4 Qc7 11. O-O b6
12. Qg4 Kf8 13. Re1 Bb7 14. c3 Rd8 15. Qh4 Kg8 16. Nd2 Nf6
17. Ne4 Nxe4 18. Bxe4 Be7 19. Qh5 c5 20. Bxb7 Qxb7 21. Be3 Rd5
22. Qf3 Rd7 23. Qxb7 Rxb7 24. dxc5 bxc5 25. Re2 f6 26. Rd1 Kf7
27. Kf1 Rc8 28. Bc1 c4 29. Ke1 Rc6 30. Rd4 e5 31. Rde4 Bd6
32. g4 Rb8 33. Kd1 Rh8 34. f4 h5 35. fxe5 Bxe5 36. g5 Rd8+
37. Kc2 Rd5 38. h3 a6 39. Rf2 Kg6 40. gxf6 gxf6 41. Rh4 Bd6
42. b4 cxb3+ 43. axb3 Bf8 44. c4 Re5 45. Rd4 Bc5 46. Rg2+ Kf7
47. Rd7+ Ke6 48. Rh7 Bd4 49. Rg8 Bf2 50. Re8+ Kf5 51. Rxh5+
Ke4 52. Rexe5+ fxe5 53. h4 Bd4 54. Rh6 Rc7 55. Rxa6 Rf7 56. b4
Rf2+ 57. Bd2 Rh2 58. Rd6 Rxh4 59. c5 Kf5 60. c6 Bb6 61. Bc3 e4
62. Bd4 Bxd4 63. Rxd4 Rh8 64. c7 Rc8 65. Rc4 Ke5 66. b5 Kd5
67. Rc3 1-0

[Event "Tata Steel Challengers"]
[Site "Wijk aan Zee NED"]
[Date "2014.01.13"]
[EventDate "2014.01.11"]
[Round "3"]
[Result "1/2-1/2"]
[White "Radoslaw Wojtaszek"]
[Black "Jan-Krzysztof Duda"]
[WhiteElo "2711"]
[BlackElo "2553"]
[PlyCount "100"]

1. d4 d5 2. c4 c6 3. Nf3 Nf6 4. e3 Bf5 5. Nc3 e6 6. Nh4 Bg6
7. Nxg6 hxg6 8. Bd2 Nbd7 9. Qc2 Bd6 10. O-O-O Qe7 11. Kb1 Bc7
12. Bd3 dxc4 13. Bxc4 O-O-O 14. h3 Kb8 15. Bc1 Nb6 16. Bb3 c5
17. Nb5 cxd4 18. Nxd4 Rc8 19. Qe2 Bd6 20. e4 Bc5 21. Nf3 Nfd7
22. Bg5 f6 23. Bd2 e5 24. Ne1 g5 25. Nc2 Rc7 26. g3 Rhc8
27. Bc3 Qe8 28. Ne3 Bxe3 29. Qxe3 Nc5 30. Ba5 Qb5 31. Bxb6
Qxb6 32. Bd5 Qb5 33. Rd2 Na4 34. Qb3 Qa5 35. Rc2 Nb6 36. Rxc7
Rxc7 37. Be6 Qc5 38. f3 a6 39. a3 Ka7 40. Rd1 Qf2 41. g4 g6
42. Rc1 Rh7 43. Bd5 Qd2 44. Rd1 Qf2 45. Rc1 Qd4 46. Ka2 Qd2
47. Rd1 Qf2 48. Rc1 Qd2 49. Rd1 Qf2 50. Rc1 Qd2 1/2-1/2

[Event "Tata Steel Challengers"]
[Site "Wijk aan Zee NED"]
[Date "2014.01.14"]
[EventDate "2014.01.11"]
[Round "4"]
[Result "0-1"]
[White "Jan-Krzysztof Duda"]
[Black "Anna Muzychuk"]
[WhiteElo "2553"]
[BlackElo "2566"]
[PlyCount "70"]

1. e4 e5 2. Nf3 Nc6 3. Bb5 a6 4. Ba4 Nf6 5. d3 b5 6. Bb3 Bc5
7. O-O d6 8. a4 b4 9. a5 h6 10. Nbd2 O-O 11. h3 Rb8 12. Bc4
Be6 13. Nb3 Qc8 14. Bxe6 Qxe6 15. Nxc5 dxc5 16. b3 Ne8 17. Nh4
Nd6 18. f4 f5 19. Nxf5 Nxf5 20. exf5 Qxf5 21. Be3 exf4
22. Rxf4 Qd5 23. Rc4 Nd4 24. Bxd4 cxd4 25. Rxc7 Qd6 26. Rc4
Rbe8 27. Qd2 Re3 28. Rf1 Rxf1+ 29. Kxf1 Re8 30. Qxb4 Qf4+
31. Kg1 Re2 32. Rc8+ Kh7 33. Rf8 Qg3 34. Qb7 Re1+ 35. Rf1 Qe3+
0-1

[Event "Tata Steel Challengers"]
[Site "Wijk aan Zee NED"]
[Date "2014.01.17"]
[EventDate "2014.01.11"]
[Round "6"]
[Result "0-1"]
[White "Jan-Krzysztof Duda"]
[Black "Yu Yangyi"]
[WhiteElo "2553"]
[BlackElo "2677"]
[PlyCount "68"]

1. d4 Nf6 2. c4 e6 3. Nf3 b6 4. g3 Bb7 5. Bg2 Bb4+ 6. Bd2
Bxd2+ 7. Qxd2 O-O 8. Nc3 Ne4 9. Nxe4 Bxe4 10. O-O d6 11. Qe3
Bb7 12. Rfd1 Nd7 13. d5 Re8 14. Qd2 a5 15. Nd4 Nc5 16. dxe6
fxe6 17. Bxb7 Nxb7 18. Nb5 Rf8 19. Qe3 Nc5 20. b3 Rf7 21. a3
Qf6 22. Rab1 e5 23. Nc3 Raf8 24. f3 Ne6 25. Rd3 g5 26. b4 axb4
27. axb4 g4 28. Qe4 Qh6 29. Rf1 Kh8 30. h4 Nf4 31. gxf4 Rxf4
32. Qe3 Rg8 33. Rf2 Qxh4 34. fxg4 Rfxg4+ 0-1

[Event "Tata Steel Challengers"]
[Site "Wijk aan Zee NED"]
[Date "2014.01.19"]
[EventDate "2014.01.11"]
[Round "8"]
[Result "1/2-1/2"]
[White "Jan-Krzysztof Duda"]
[Black "Benjamin Bok"]
[WhiteElo "2553"]
[BlackElo "2560"]
[PlyCount "69"]

1. e4 e5 2. Nf3 Nc6 3. Nc3 Nf6 4. d4 exd4 5. Nxd4 Bb4 6. Nxc6
bxc6 7. Bd3 d5 8. exd5 O-O 9. O-O cxd5 10. h3 Rb8 11. Qf3 c6
12. Bf4 Bd6 13. b3 Be6 14. Ne2 c5 15. Rad1 Re8 16. Rfe1 Qc7
17. c3 Bd7 18. Qg3 Bxf4 19. Nxf4 Qa5 20. Rxe8+ Rxe8 21. Nxd5
Nxd5 22. Bxh7+ Kxh7 23. Rxd5 Bc6 24. Rh5+ Kg8 25. Qh4 g6
26. Rh8+ Kg7 27. Qh6+ Kf6 28. Rh7 Re1+ 29. Kh2 Qc7+ 30. f4 Rf1
31. Qg5+ Ke6 32. Qg4+ Kf6 33. Qg5+ Ke6 34. Qg4+ Kf6 35. Qg5+
1/2-1/2

[Event "Tata Steel Challengers"]
[Site "Wijk aan Zee NED"]
[Date "2014.01.21"]
[EventDate "2014.01.11"]
[Round "9"]
[Result "1-0"]
[White "Jan Timman"]
[Black "Jan-Krzysztof Duda"]
[WhiteElo "2607"]
[BlackElo "2553"]
[PlyCount "133"]

1. c4 c5 2. Nf3 Nc6 3. d4 cxd4 4. Nxd4 Nf6 5. Nc3 e6 6. g3 Qb6
7. Ndb5 Ne5 8. Bf4 Nfg4 9. e3 a6 10. Qa4 g5 11. Bxe5 Nxe5
12. O-O-O Be7 13. Be2 O-O 14. Nd4 d6 15. f4 Nc6 16. Ne4 Bd7
17. Qb3 Qxb3 18. Nxb3 Nb4 19. Nc3 Rfd8 20. a3 Nc6 21. Ne4 gxf4
22. gxf4 Be8 23. Rhg1+ Kf8 24. Rg3 d5 25. cxd5 exd5 26. Rdg1
Bh4 27. Rh3 Rac8 28. Kb1 Bd7 29. Rxh4 Bf5 30. Ka1 dxe4 31. Bg4
Bxg4 32. Rhxg4 Ke7 33. f5 Rd5 34. Rxe4+ Kf6 35. Rh4 Rxf5
36. Rxh7 Rd8 37. Rh6+ Ke7 38. Rc1 Rd6 39. Rh4 Re5 40. Rc3 b6
41. Ka2 a5 42. Rhc4 Kd7 43. Rf4 f5 44. Nd4 Nxd4 45. exd4 Re4
46. Rxf5 Rexd4 47. Rf7+ Ke6 48. Rh7 Rd2 49. Rc1 Kd5 50. Rh5+
Kd4 51. h4 Rf6 52. Rg1 Rh2 53. Rg4+ Kd3 54. Rd5+ Ke3 55. h5
Rh6 56. Rg3+ Ke4 57. Rgg5 Rh3 58. Rge5+ Kf4 59. Rg5 Ke4
60. Rb5 Rd6 61. Rg4+ Ke3 62. Rg6 Rd1 63. Rgxb6 a4 64. Re6+ Kf3
65. Rf5+ Kg4 66. Ra5 Rhh1 67. Re4+ 1-0

[Event "Tata Steel Challengers"]
[Site "Wijk aan Zee NED"]
[Date "2014.01.22"]
[EventDate "2014.01.11"]
[Round "10"]
[Result "1-0"]
[White "Jan-Krzysztof Duda"]
[Black "Dimitri Reinderman"]
[WhiteElo "2553"]
[BlackElo "2593"]
[PlyCount "137"]

1. e4 d5 2. exd5 Qxd5 3. Nc3 Qa5 4. d4 Nf6 5. Bc4 Nc6 6. Nge2
Be6 7. Bxe6 fxe6 8. O-O O-O-O 9. Qd3 e5 10. Qh3+ Rd7 11. Rd1
e6 12. Be3 Bd6 13. Qxe6 Re8 14. Qf5 Rf8 15. dxe5 Nxe5 16. Ne4
Nxe4 17. Qxe4 Re7 18. Qh4 Ng6 19. Qg4+ Kb8 20. Ng3 a6 21. Qd4
b6 22. Qd5 Qxd5 23. Rxd5 Re6 24. Rad1 Kb7 25. b3 Ne7 26. R5d2
g6 27. Ne2 Nf5 28. Nd4 Nxd4 29. Rxd4 Rfe8 30. R4d3 b5 31. g3
Re4 32. Kg2 R4e6 33. R1d2 Bb4 34. c3 Bd6 35. Rc2 Re4 36. Kf3
R4e6 37. c4 Rf8+ 38. Kg2 Rf5 39. h3 h5 40. h4 Re4 41. c5 Be7
42. c6+ Kc8 43. Rd7 Re6 44. Bf4 Bd8 45. Rg7 Rf8 46. Rc5 Rfe8
47. a4 bxa4 48. bxa4 Rf8 49. Be5 Rfe8 50. f4 Be7 51. Rc4 Bd6
52. Bxd6 Rxd6 53. f5 gxf5 54. Kf3 Kd8 55. Rc5 Re1 56. Kf4 Re4+
57. Kxf5 Rxa4 58. Rh7 Ra3 59. Rh8+ Ke7 60. Re5+ Kf7 61. Rh7+
Kf8 62. Rxc7 Rxg3 63. Re6 Rd5+ 64. Kf6 Rf3+ 65. Kg6 Rg3+
66. Kh7 Rc5 67. Rb7 Rf3 68. Rg6 Rf7+ 69. Kh8 1-0

[Event "Tata Steel Challengers"]
[Site "Wijk aan Zee NED"]
[Date "2014.01.24"]
[EventDate "2014.01.11"]
[Round "11"]
[Result "0-1"]
[White "Kayden W Troff"]
[Black "Jan-Krzysztof Duda"]
[WhiteElo "2457"]
[BlackElo "2553"]
[PlyCount "86"]

1. d4 Nf6 2. c4 e6 3. g3 d5 4. Nf3 dxc4 5. Bg2 a6 6. O-O Nc6
7. e3 Bd7 8. Nc3 Bd6 9. Qe2 O-O 10. Qxc4 Rb8 11. Qe2 Re8
12. Rd1 e5 13. d5 Na7 14. Nd2 Nb5 15. Nce4 Bf8 16. a4 Nd6
17. Nxd6 cxd6 18. e4 Qc7 19. Nf1 Rec8 20. Ne3 Be7 21. Bd2 b5
22. a5 Ne8 23. Bb4 Qa7 24. Kh1 Bg5 25. Nc2 h5 26. Bc3 Nf6
27. Nb4 Rc4 28. Rg1 h4 29. f4 Bg4 30. Qd3 h3 31. Bf3 Nxe4
32. Raf1 Nf2+ 33. Rxf2 e4 34. Qd2 Bxf3+ 35. Rxf3 exf3 36. fxg5
Re8 37. Re1 Rxe1+ 38. Qxe1 f2 39. Qe8+ Kh7 40. g6+ fxg6
41. Qf8 Rf4 42. Qxf4 Qe3 43. Qh4+ Qh6 0-1

[Event "Tata Steel Challengers"]
[Site "Wijk aan Zee NED"]
[Date "2014.01.25"]
[EventDate "2014.01.11"]
[Round "12"]
[Result "1/2-1/2"]
[White "Zhao Xue"]
[Black "Jan-Krzysztof Duda"]
[WhiteElo "2567"]
[BlackElo "2553"]
[PlyCount "67"]

1. c4 c5 2. Nc3 Nc6 3. g3 g6 4. Bg2 Bg7 5. a3 d6 6. Nf3 e5
7. b4 e4 8. Ng1 e3 9. fxe3 Bxc3 10. dxc3 Qe7 11. e4 Nf6
12. Bf4 Nxe4 13. b5 Na5 14. Bxe4 Qxe4 15. Qxd6 Qe7 16. Nf3
Nxc4 17. Qxe7+ Kxe7 18. Nd2 Nxd2 19. Bxd2 Bh3 20. Kf2 f6
21. Be3 b6 22. a4 g5 23. a5 Kd6 24. Ra4 Bd7 25. c4 Be6
26. Rha1 Rab8 27. Bc1 Rb7 28. R1a3 Ke7 29. Bb2 Rf8 30. Rd3 Re8
31. Rf3 Rf8 32. Rd3 Re8 33. Rf3 Rf8 34. Rd3 1/2-1/2

[Event "Tata Steel Challengers"]
[Site "Wijk aan Zee NED"]
[Date "2014.01.26"]
[EventDate "2014.01.11"]
[Round "13.2"]
[Result "1-0"]
[White "Jan-Krzysztof Duda"]
[Black "Etienne Goudriaan"]
[WhiteElo "2553"]
[BlackElo "2431"]
[PlyCount "87"]

1. e4 c5 2. Nf3 d6 3. d4 Nf6 4. Nc3 cxd4 5. Nxd4 a6 6. Be2 e5
7. Nb3 Be7 8. Be3 Be6 9. Nd5 Nbd7 10. Qd3 O-O 11. O-O Bxd5
12. exd5 Ne8 13. f3 f5 14. a4 Bg5 15. Bf2 e4 16. fxe4 Ne5
17. Qd4 f4 18. Nc5 Nc7 19. Nd3 Bf6 20. Qb4 g5 21. Nxe5 Bxe5
22. Ra3 Ne8 23. Bg4 Qf6 24. Be6+ Kh8 25. Qxb7 Ng7 26. Rb3 Qg6
27. Qb4 a5 28. Qd2 Qxe4 29. Re1 Qxa4 30. Rb7 Rab8 31. b3 Qa2
32. Rxb8 Rxb8 33. Qd3 a4 34. bxa4 Qxa4 35. Bg4 Rb2 36. Bd1 Rb1
37. h4 gxh4 38. c4 Qa1 39. c5 Rc1 40. cxd6 Bxd6 41. Bd4 Qa8
42. Qa6 Qxa6 43. Re8+ Bf8 44. Rxf8# 1-0

[Event "European Individual Championship"]
[Site "Yerevan ARM"]
[Date "2014.03.03"]
[EventDate "2014.03.03"]
[Round "1.94"]
[Result "1-0"]
[White "Jan-Krzysztof Duda"]
[Black "Noe Tutisani"]
[WhiteElo "2563"]
[BlackElo "2137"]
[PlyCount "79"]

1. e4 c5 2. Nf3 d6 3. d4 cxd4 4. Nxd4 Nf6 5. Nc3 Nbd7 6. Bc4
Nb6 7. Bb3 e5 8. Nde2 Be6 9. Bg5 Be7 10. Qd3 O-O 11. Bxf6 Bxf6
12. O-O-O Be7 13. Kb1 Qd7 14. Ng3 a5 15. Nd5 Bxd5 16. Bxd5 a4
17. a3 Nxd5 18. Qxd5 Rfd8 19. Nf5 Bf8 20. Rd3 g6 21. Ne3 Qc7
22. Rhd1 Ra5 23. Qc4 Rc8 24. Qxc7 Rxc7 25. Rd5 Rac5 26. Rxc5
Rxc5 27. b4 axb3 28. cxb3 Rc7 29. a4 f6 30. Kb2 Kf7 31. Nd5
Rc6 32. b4 f5 33. f3 Be7 34. Kb3 Bd8 35. a5 Rc8 36. Ra1 Ra8
37. Rc1 Rb8 38. Ka4 Ke6 39. b5 Kd7 40. b6 1-0

[Event "European Individual Championship"]
[Site "Yerevan ARM"]
[Date "2014.03.04"]
[EventDate "2014.03.03"]
[Round "2.12"]
[Result "1-0"]
[White "David Navara"]
[Black "Jan-Krzysztof Duda"]
[WhiteElo "2700"]
[BlackElo "2563"]
[PlyCount "87"]

1. d4 Nf6 2. c4 c6 3. Nc3 d5 4. Nf3 e6 5. Bg5 Nbd7 6. cxd5
exd5 7. e3 Be7 8. Bd3 O-O 9. Qc2 Re8 10. O-O Nf8 11. h3 g6
12. Bh6 Ne6 13. Ne5 Ng7 14. g4 Nd7 15. f4 Bf8 16. Rf3 Ne6
17. Bxf8 Nexf8 18. Qf2 f6 19. Nxd7 Bxd7 20. f5 g5 21. h4 h6
22. hxg5 hxg5 23. e4 Kg7 24. Kg2 dxe4 25. Nxe4 c5 26. d5 c4
27. Bc2 Ba4 28. b3 cxb3 29. axb3 Bb5 30. Qd4 Rc8 31. Rf2 Re5
32. Rxa7 Bc6 33. Qxe5 fxe5 34. dxc6 Rxc6 35. Rxb7+ Kh6 36. Bb1
Qa8 37. Rf7 Qe8 38. Ra7 Qb8 39. Rfa2 Qxb3 40. R2a3 Qb2+
41. Nf2 Ng6 42. fxg6 Qxb1 43. Rh3+ Kxg6 44. Rah7 1-0

[Event "European Individual Championship"]
[Site "Yerevan ARM"]
[Date "2014.03.05"]
[EventDate "2014.03.03"]
[Round "3.65"]
[Result "1-0"]
[White "Jan-Krzysztof Duda"]
[Black "Irakli Beradze"]
[WhiteElo "2563"]
[BlackElo "2364"]
[PlyCount "79"]

1. e4 c5 2. Nf3 d6 3. d4 cxd4 4. Nxd4 Nf6 5. Nc3 g6 6. Be3 Bg7
7. f3 O-O 8. Qd2 Nc6 9. O-O-O d5 10. exd5 Nxd5 11. Nxc6 bxc6
12. Bd4 Nxc3 13. Qxc3 Bh6+ 14. Be3 Bxe3+ 15. Qxe3 Qb6 16. Qxe7
Be6 17. Qa3 Rad8 18. Bd3 Rd5 19. Rhe1 Ra5 20. Qc3 Rxa2 21. b3
Ra5 22. Kb2 Rd5 23. h4 Rfd8 24. Rxe6 fxe6 25. Bc4 Rd4 26. Re1
R8d6 27. Bxe6+ Kg7 28. g4 Qc7 29. f4 Kf8 30. Bc4 Qg7 31. g5
Rd8 32. Re5 Qc7 33. Rc5 R8d6 34. f5 Qb6 35. Qf3 Rf6 36. Re5
Rxc4 37. Qd3 Qc7 38. Qe3 Rf7 39. Re8+ Kg7 40. f6+ 1-0

[Event "European Individual Championship"]
[Site "Yerevan ARM"]
[Date "2014.03.06"]
[EventDate "2014.03.03"]
[Round "4.23"]
[Result "0-1"]
[White "Denis Khismatullin"]
[Black "Jan-Krzysztof Duda"]
[WhiteElo "2714"]
[BlackElo "2563"]
[PlyCount "64"]

1. e4 c5 2. Nf3 d6 3. d4 cxd4 4. Nxd4 Nf6 5. Nc3 a6 6. h3 e5
7. Nb3 Be6 8. f4 Nbd7 9. g4 b5 10. Bg2 Nb6 11. g5 Nfd7 12. f5
Bc4 13. Na5 Rc8 14. Qd2 b4 15. Nd1 Bb5 16. a3 d5 17. exd5 Nc4
18. Nxc4 Rxc4 19. a4 Rd4 20. Qf2 Bc4 21. Be3 Bc5 22. Bxd4 exd4
23. Qf4 O-O 24. Nf2 b3 25. c3 Re8+ 26. Ne4 dxc3 27. O-O-O Qb8
28. d6 Qb4 29. Nxc5 Re2 30. Rhe1 cxb2+ 31. Kb1 Bd3+ 32. Nxd3
Qa3 0-1

[Event "European Individual Championship"]
[Site "Yerevan ARM"]
[Date "2014.03.07"]
[EventDate "2014.03.03"]
[Round "5.27"]
[Result "1/2-1/2"]
[White "Jan-Krzysztof Duda"]
[Black "Yuri Aleksandrovich Kuzubov"]
[WhiteElo "2563"]
[BlackElo "2642"]
[PlyCount "155"]

1. e4 c5 2. Nf3 Nc6 3. d4 cxd4 4. Nxd4 g6 5. c4 Bg7 6. Be3 Nf6
7. Nc3 O-O 8. Be2 d6 9. O-O Nxd4 10. Bxd4 Bd7 11. Qd3 a5
12. Rad1 Bc6 13. Rfe1 Nd7 14. Bxg7 Kxg7 15. Qd4+ Kg8 16. Bg4
Ne5 17. Bh3 g5 18. Re3 e6 19. c5 Qf6 20. cxd6 Rfd8 21. Nd5
exd5 22. exd5 Rxd6 23. Qxe5 Kg7 24. g3 Rad8 25. Bg2 Qxe5
26. Rxe5 Kf6 27. f4 gxf4 28. gxf4 Bd7 29. Kf2 Bf5 30. Rd4 Bb1
31. a3 Rc8 32. Bh3 Rc2+ 33. Re2 Rc5 34. Bg2 Bf5 35. Bf3 Rc1
36. Re1 Rc2+ 37. Re2 Rc1 38. Ke3 b6 39. Kf2 Rc5 40. h4 Rc1
41. Ke3 h6 42. Be4 Rc5 43. Red2 Rc1 44. Rd1 Rc8 45. Kf3 Rc5
46. h5 Rc8 47. Re1 Bxe4+ 48. Rexe4 Rc2 49. Re2 Rc5 50. Ke4 Rc1
51. Kd3 Rc5 52. Re5 b5 53. b3 Rc8 54. a4 bxa4 55. bxa4 Rc5
56. Ke4 Rc1 57. Rf5+ Ke7 58. Kd3 f6 59. Re4+ Kd7 60. Re6 Rd1+
61. Ke3 R6xd5 62. Rxd5+ Rxd5 63. Rxf6 Rxh5 64. Ke4 Ke7 65. Rc6
Kf7 66. f5 Rh1 67. Ra6 Re1+ 68. Kd4 Rd1+ 69. Kc4 Rc1+ 70. Kb5
Rf1 71. Ra7+ Ke8 72. Kxa5 Rxf5+ 73. Kb6 Rf6+ 74. Kb5 Kd8
75. a5 Kc8 76. a6 Kb8 77. Rh7 Ka8 78. Rh8+ 1/2-1/2

[Event "European Individual Championship"]
[Site "Yerevan ARM"]
[Date "2014.03.08"]
[EventDate "2014.03.03"]
[Round "6.26"]
[Result "1/2-1/2"]
[White "Jan-Krzysztof Duda"]
[Black "Constantin Lupulescu"]
[WhiteElo "2563"]
[BlackElo "2643"]
[PlyCount "102"]

1. e4 e5 2. Nf3 Nc6 3. Bb5 Nf6 4. O-O Nxe4 5. Re1 Nd6 6. Nxe5
Be7 7. Bf1 Nxe5 8. Rxe5 O-O 9. d4 Ne8 10. Nc3 Bf6 11. Re1 d5
12. Bf4 Bf5 13. Qd2 c6 14. Ne2 Nc7 15. Ng3 Bg6 16. Rad1 Ne6
17. Be3 Re8 18. Be2 c5 19. c3 cxd4 20. cxd4 Qb6 21. f4 Bh4
22. Rf1 Bxg3 23. hxg3 Be4 24. f5 Nf8 25. Rc1 Rac8 26. g4 Nd7
27. a4 Nb8 28. Bb5 Nc6 29. Rc5 a6 30. a5 Qc7 31. Bxc6 bxc6
32. Bf4 Qe7 33. Bg3 Qd7 34. b4 f6 35. Rc3 h6 36. Bf4 Kf7
37. Rh3 Rh8 38. Kf2 Rce8 39. Kg1 Qb7 40. Rc1 Rc8 41. Qc3 Qd7
42. Qb3 h5 43. Re3 Rce8 44. g5 Qxf5 45. Rf1 Re6 46. gxf6 gxf6
47. Be5 Qh7 48. Rf2 h4 49. Qd1 Ke7 50. Bf4 Rg8 51. Qf1 Ra8
1/2-1/2

[Event "European Individual Championship"]
[Site "Yerevan ARM"]
[Date "2014.03.10"]
[EventDate "2014.03.03"]
[Round "7.34"]
[Result "1/2-1/2"]
[White "Dariusz Swiercz"]
[Black "Jan-Krzysztof Duda"]
[WhiteElo "2631"]
[BlackElo "2563"]
[PlyCount "94"]

1. d4 d5 2. c4 c6 3. Nc3 Nf6 4. Nf3 e6 5. e3 Nbd7 6. Qc2 Bd6
7. Be2 O-O 8. O-O dxc4 9. Bxc4 b5 10. Be2 Bb7 11. e4 e5
12. dxe5 Nxe5 13. Nd4 Neg4 14. g3 Bxg3 15. hxg3 Qxd4 16. Qd1
Qxd1 17. Rxd1 Rfe8 18. f3 Ne5 19. Be3 a5 20. Rac1 a4 21. a3
Rad8 22. Bd4 Nfd7 23. f4 Nc4 24. Bxc4 bxc4 25. e5 c5 26. Bf2
Bc6 27. Rd6 Rc8 28. Nd5 h5 29. Ne3 f6 30. e6 Nf8 31. f5 g6
32. Nd5 Bxd5 33. Rxd5 gxf5 34. Rxc4 Nxe6 35. Rxf5 Kg7 36. Rxa4
Rb8 37. b4 Kg6 38. Rf3 Ng5 39. Re3 Rec8 40. Kf1 cxb4 41. Rxb4
Ra8 42. a4 Ra5 43. Re2 Rc1+ 44. Re1 Rc2 45. Re2 Rc1+ 46. Re1
Rc2 47. Re2 Rc1+ 1/2-1/2

[Event "European Individual Championship"]
[Site "Yerevan ARM"]
[Date "2014.03.11"]
[EventDate "2014.03.03"]
[Round "8.26"]
[Result "0-1"]
[White "Jan-Krzysztof Duda"]
[Black "Igor Lysyj"]
[WhiteElo "2563"]
[BlackElo "2655"]
[PlyCount "280"]

1. e4 e5 2. Nf3 Nc6 3. Bb5 Nf6 4. d3 Bc5 5. c3 O-O 6. O-O d6
7. h3 a6 8. Bxc6 bxc6 9. Re1 Re8 10. Nbd2 h6 11. Nf1 d5
12. exd5 Qxd5 13. Ne3 Bxe3 14. Bxe3 Rb8 15. c4 Qd6 16. d4 e4
17. Nd2 Nh7 18. Nb3 Be6 19. Rc1 f5 20. Rc3 f4 21. Bc1 Bf7
22. Nc5 Nf6 23. Nxa6 Ra8 24. Nc5 Rxa2 25. Nb7 Qb4 26. Nc5 g5
27. Qc2 Ra1 28. Kh2 Qb8 29. g3 f3 30. Rce3 Qc8 31. Qc3 Qf5
32. b3 Ra2 33. Bb2 h5 34. d5 Rxb2 35. Qxb2 cxd5 36. cxd5 Bxd5
37. Qd4 c6 38. Rg1 Kf7 39. Ra1 h4 40. Ra7+ Kg6 41. g4 Qc8
42. Kg1 Qb8 43. Nd7 Nxd7 44. Rxd7 Qe5 45. Qxe5 Rxe5 46. Kf1
Re8 47. Ra7 Rb8 48. Ra3 Kf6 49. Ke1 Ke5 50. Kd2 Kd4 51. Rc3
Ke5 52. Ke3 Kd6 53. Ra1 Ke5 54. Ra4 Bxb3 55. Rxe4+ Kd6 56. Kd2
Bd5 57. Ree3 Rb4 58. Rcd3 Rf4 59. Ke1 Rf8 60. Rd1 Rf7 61. Re8
Ra7 62. Kf1 Rg7 63. Rf8 Kc7 64. Kg1 Kb6 65. Rf5 Kc5 66. Kf1
Rg8 67. Rd3 Kc4 68. Ra3 Rb8 69. Ra1 Rg8 70. Rc1+ Kd4 71. Re1
Bc4+ 72. Kg1 Bd5 73. Re3 Rg7 74. Rf8 Ra7 75. Re1 Rg7 76. Rfe8
Rg6 77. R8e3 Rg7 78. Rc1 Ra7 79. Kf1 Bc4+ 80. Ke1 Bd5 81. Rd1+
Kc4 82. Re5 Rg7 83. Kd2 Kd4 84. Re8 Ra7 85. Rc1 Ra2+ 86. Rc2
Ra1 87. Re1 Ra3 88. Rb2 Ra7 89. Rc1 Ke5 90. Rb4 Ra2+ 91. Rc2
Ra1 92. Rb8 Rh1 93. Rf8 Kd4 94. Rb2 Rxh3 95. Rb4+ Kc5 96. Rb1
Rh2 97. Ke3 Rg2 98. Rc1+ Kd6 99. Rf6+ Ke7 100. Rxf3 Rxg4
101. Rh3 Ra4 102. Rc3 Kf6 103. f3 Kf5 104. Rh2 Rf4 105. Kf2
Rb4 106. Ke3 Rb1 107. Rhc2 Re1+ 108. Kf2 Re6 109. Rd3 Rf6
110. Rcd2 Ke5 111. Re3+ Kd6 112. Rd4 Rf5 113. Rg4 c5 114. Rc3
Kc6 115. f4 gxf4 116. Rxh4 c4 117. Rc1 Kc5 118. Rg4 Kd4
119. Rd1+ Kc3 120. Rgg1 Rh5 121. Rc1+ Kb4 122. Rgf1 c3
123. Ke1 f3 124. Kf2 Rh2+ 125. Ke3 Re2+ 126. Kd4 Rd2+ 127. Ke3
Re2+ 128. Kd4 Rd2+ 129. Ke3 Kc4 130. Rf2 Rd3+ 131. Kf4 Rd4+
132. Kf5 Bc6 133. Ke5 Re4+ 134. Kd6 Re2 135. Rff1 Be4 136. Ra1
f2 137. Rfc1 Bg2 138. Ra4+ Kb3 139. Rca1 f1=Q 140. R4a3+ Kc4
0-1